Sports Quiz

Random Sports or Football Quiz

Barcelona first team (2011-2012) Quiz Stats

 Plays Quiz not verified by Sporcle

Score 0/21 Timer 10:00
0 Plays Today
Number Name % Correct
1Victor Valdes
96.1%
2Dani Alves
88.2%
10Lionel Messi
86.8%
3Gerard Pique
85.5%
6Xavi
81.6%
5Carles Puyol
80.3%
7David Villa
80.3%
8Andres Iniesta
80.3%
4Francesc Soler
75%
9Alexis Sanchez
63.2%
14Javier Mascherano
61.8%
Number Name % Correct
17Pedro
56.6%
22Abidal
51.3%
13Jose Pinto
50%
16Sergio Busquets
47.4%
15Seydou Keita
46.1%
11Thiago
44.7%
19Maxwell
36.8%
21Adriano
35.5%
24Andreu Fontas
22.4%
20Ibrahim Affellay
13.2%

You're not logged in!

Compare scores with friends on all Sporcle quizzes.
Join for Free
OR
Log In

You Might Also Like...

Show Comments

Extras

Top Quizzes Today


Score Distribution

Your Account Isn't Verified!

In order to create a playlist on Sporcle, you need to verify the email address you used during registration. Go to your Sporcle Settings to finish the process.

Report this User

Report this user for behavior that violates our Community Guidelines.

Details: